Newton : Nhà khoa học vượt qua thời đại

Cuộc đời và sự nghiệp của Isaac Newton

Na minha lista:
Detalhes bibliográficos
Formato: Livro
Idioma:Undetermined
Publicado em: Thành phố Hồ Chí Minh Nxb. Đại học Sư phạm Thành phố Hồ Chí Minh 2012
Assuntos:
Tags: Adicionar Tag
Sem tags, seja o primeiro a adicionar uma tag!
Thư viện lưu trữ: Trung tâm Học liệu Trường Đại học Cần Thơ
LEADER 00757nam a2200217Ia 4500
001 CTU_196972
008 210402s9999 xx 000 0 und d
020 |c 33000 
082 |a 895.922802 
082 |b N561 
245 0 |a Newton : 
245 0 |b Nhà khoa học vượt qua thời đại 
245 0 |c Thuỳ Linh, Thuỳ Trang (biên soạn - giới thiệu) 
260 |a Thành phố Hồ Chí Minh 
260 |b Nxb. Đại học Sư phạm Thành phố Hồ Chí Minh 
260 |c 2012 
520 |a Cuộc đời và sự nghiệp của Isaac Newton 
650 |a Celebrities,Danh nhân 
650 |x Biography,Tiểu sử 
904 |i Nguyên 
980 |a Trung tâm Học liệu Trường Đại học Cần Thơ